Human physiology : the mechanisms of body function. / (Record no. 7253)
[ view plain ]
| 000 -LEADER | |
|---|---|
| fixed length control field | 01521nam a22002297a 4500 |
| 005 - DATE AND TIME OF LATEST TRANSACTION | |
| control field | 20210414114653.0 |
| 008 - FIXED-LENGTH DATA ELEMENTS--GENERAL INFORMATION | |
| fixed length control field | 120717t xxu||||| |||| 00| 0 eng d |
| 020 ## - INTERNATIONAL STANDARD BOOK NUMBER | |
| International Standard Book Number | 0072908017 |
| 050 ## - LIBRARY OF CONGRESS CALL NUMBER | |
| Classification number | QP34.5.V22 |
| 100 ## - MAIN ENTRY--PERSONAL NAME | |
| Personal name | Vander, Arthur |
| 245 ## - TITLE STATEMENT | |
| Title | Human physiology : the mechanisms of body function. / |
| Statement of responsibility, etc. | Arthur Vander, James Sherman and Dorothy Luciano |
| 250 ## - EDITION STATEMENT | |
| Edition statement | 8th ed. |
| 260 ## - PUBLICATION, DISTRIBUTION, ETC. | |
| Place of publication, distribution, etc. | Boston: |
| Name of publisher, distributor, etc. | McGra-Hill, |
| Date of publication, distribution, etc. | 2001. |
| 300 ## - PHYSICAL DESCRIPTION | |
| Extent | xxxvii, 800 p. : |
| Other physical details | col. ill. ; |
| Dimensions | 29 cm. |
| 500 ## - GENERAL NOTE | |
| General note | Includes answers, glossary, and index. |
| 505 ## - FORMATTED CONTENTS NOTE | |
| Formatted contents note | Contents: A framework for human physiology Part One Basic cell functions: Chemical composition of the body -- Cell structure -- Protein activity and cellular metabolism --Genetic information and protein synthesis -- Movement of molecules across cell membranes -- Part Two Biological control systems: Homeostastic mechanisms ad cellular communication -- Neural control mechanisms -- The sensory systems -- Principles of hormonal control systems -- Muscle -- Control of body movement -- Consciousness and behavior -- Part Three Coordinated body functions: Circulation -- Respiration -- The kidneys and regulation of water and inorganic ions -- The digestion and absorption of food -- Regulation of organic metabolism, growth, and energy balance -- Reproduction -- Defense mechanisms of the body -- |
| 650 ## - SUBJECT ADDED ENTRY--TOPICAL TERM | |
| Topical term or geographic name entry element | Human physiology. |
| 700 ## - ADDED ENTRY--PERSONAL NAME | |
| Personal name | Sherman, James |
| 700 ## - ADDED ENTRY--PERSONAL NAME | |
| Personal name | Luciano, Dorothy |
| 856 ## - ELECTRONIC LOCATION AND ACCESS | |
| Uniform Resource Identifier | <a href="http://www.mhhe.com/biosci/ap/vander8e">http://www.mhhe.com/biosci/ap/vander8e</a> |
| 942 ## - ADDED ENTRY ELEMENTS (KOHA) | |
| Source of classification or shelving scheme | Library of Congress Classification |
| Koha item type | Books |
| Withdrawn status | Lost status | Source of classification or shelving scheme | Damaged status | Not for loan | Home library | Current library | Shelving location | Date acquired | Source of acquisition | Full call number | Barcode | Date last seen | Price effective from | Koha item type |
|---|---|---|---|---|---|---|---|---|---|---|---|---|---|---|
| Library of Congress Classification | WISCONSIN INTERNATIONAL UNIVERSITY COLLEGE, GHANA KUMASI LIBRARY | WISCONSIN INTERNATIONAL UNIVERSITY COLLEGE, GHANA KUMASI LIBRARY | nursing | 26/06/2019 | STM | QP34.5.V22(8e) | KSN/132/19 | 15/05/2020 | 15/05/2020 | Books |
